000 00517nam a2200157Ia 4500
008 231217s9999 xx 000 0 und d
041 _aEnglish
082 _a001.6424JAV HOR1.2;1 R
100 _aHorstmann, Cay SCornell, Gary
245 0 _aCore Java 2 V2 : advanced features (covers J2SE 1.3/1.4) versions
260 _c2002
_bPearson Education
_aNew Delhi
300 _axxvi+1204
500 _aaccompanied by CD4222
650 _aCore,Java,2,V2,:,advanced,features,(covers,J2SE,1.3/1.4),versions
942 _cAA
999 _c170873
_d170873